Normal view
MARC view
Entry Nombre personal
001 - NÚMERO DE CONTROL
- campo de control: 157637
003 - IDENTIFICADOR DE NÚMERO DE CONTROL
- campo de control: OSt
005 - FECHA Y HORA DE LA ÚLTIMA TRANSACCIÓN
- campo de control: 20251013213744.0
008 - ELEMENTOS DE DATO DE LONGITUD-FIJA
- campo de control de longitud fija: 150924 b azzaaaaaa a aaa d
040 ## - FUENTE DE CATALOGACIÓN
- Centro catalogador/agencia de origen: OSt
- Centro/agencia transcriptor: OSt
100 1# - ENCABEZAMIENTO-NOMBRE DE PERSONA
- Nombre de persona: Troisvilles, Jean-Arnaud du Peyrer
- Títulos y otros términos asociados al nombre: comte de,
- Fechas asociadas al nombre: 1598-1672
